Vplyv veľkosti častíc gumovej drviny na homogenitu v asfaltových zmesiach
Guardado en:
| Autor principal: | |
|---|---|
| Otros Autores: | |
| Formato: | Manuscrito Libro |
| Lenguaje: | eslovaco |
| Materias: | |
| Acceso en línea: | http://is.stuba.sk/zp/portal_zp.pl?podrobnosti=92632 |
| Etiquetas: |
Sin Etiquetas, Sea el primero en etiquetar este registro!
|
MARC
| LEADER | 00000ntm a22000003a 4500 | ||
|---|---|---|---|
| 001 | stuzp46675 | ||
| 003 | SK-STU | ||
| 005 | 20150617230330.6 | ||
| 007 | ta | ||
| 008 | 150427s2015----xo-----f-mn---000-0-slo-d | ||
| 040 | |a STU |b slo | ||
| 041 | 0 | |a slo | |
| 100 | 1 | |a Kiselová, Barbora |u 048170 |4 aut |U FCHPT Ústav organickej chémie, katalýzy a petrochémie |T FCHPT Oddelenie technológie ropy a petrochémie |X 42642 |U C8170 |Y 125 |7 42642 | |
| 242 | 0 | 1 | |a The Influence of Particles Size of Crumb Rubber on Homogeneity in Asphalt Mixtures |y eng |
| 245 | 1 | 0 | |a Vplyv veľkosti častíc gumovej drviny na homogenitu v asfaltových zmesiach |
| 650 | 4 | |a asfalt |2 slo | |
| 650 | 4 | |a gumová drvina |2 slo | |
| 650 | 4 | |a penetrácia |2 slo | |
| 650 | 4 | |a bod mäknutia |2 slo | |
| 650 | 4 | |a viskozita |2 slo | |
| 650 | 4 | |a asphalt |2 eng | |
| 650 | 4 | |a crumb rubber |2 eng | |
| 650 | 4 | |a penetration |2 eng | |
| 650 | 4 | |a softening point |2 eng | |
| 650 | 4 | |a viscosity |2 eng | |
| 700 | 1 | |a Daučík, Pavol, |d 1944- |4 ths |X 3277 |7 A000003277 | |
| 856 | 4 | |u http://is.stuba.sk/zp/portal_zp.pl?podrobnosti=92632 | |
| SQL | |a stuzp46675 |b DBP |c SLO |d Vplyv veľkosti častíc gumovej drviny na homogenitu v asfaltových zmesiach |e 42642 |f Kiselová, Barbora |g 048170 |h 3277 |i Daučík, Pavol |j 20140715 |k 753 |l 04 |m http://is.stuba.sk/zp/portal_zp.pl?podrobnosti=92632 | ||